Sports Quiz

Random Sports or Soccer Quiz

Top European Cup Goalscorers in England Quiz Stats

Quiz not verified by Sporcle

Challenge
Share
Tweet
Embed
Score 0/181 Timer 20:00
0 Plays Today
% Correct
Thierry Henry
95.6%
Ruud van Nistelrooy
91.5%
Didier Drogba
91.5%
Wayne Rooney
91.1%
Frank Lampard
90%
Joe Cole
89.5%
Andy Cole
89.3%
Ryan Giggs
87.8%
Paul Scholes
86.3%
Steven Gerrard
85.8%
Alan Shearer
85.8%
Michael Owen
84.9%
Fernando Torres
83.9%
Nicolas Anelka
83.2%
Dwight Yorke
82.7%
David Beckham
77.9%
Cristiano Ronaldo
76.9%
Roy Keane
74%
Teddy Sheringham
73.4%
Peter Crouch
68.1%
Robin van Persie
67.2%
Ian Rush
67%
Andriy Shevchenko
66.8%
Ole Gunnar Solskjær
65.5%
Dennis Bergkamp
61.8%
Dimitar Berbatov
59.2%
Robert Pirès
57%
Bobby Charlton
56.8%
Eric Cantona
55.5%
Bobby Smith
54.4%
Carlos Tévez
54.4%
Alan Smith
54.2%
George Best
53.9%
John Terry
53.9%
Kenny Dalglish
52.6%
Hernán Crespo
51.5%
Gareth Bale
50%
Denis Law
48.3%
Cesc Fàbregas
46.3%
Dirk Kuyt
46.3%
Freddie Ljungberg
45.9%
Kevin Keegan
44.5%
Emmanuel Adebayor
43.5%
Sergio Agüero
43.5%
Arjen Robben
43.4%
Fernando Morientes
43.2%
Yaya Toure
43.2%
Florent Malouda
43%
Chris Sutton
42.6%
Sylvain Wiltord
42.4%
Michael Ballack
41.9%
Ian St. John
41.9%
Eiður Guðjohnsen
41.9%
Salomon Kalou
40.4%
Gianluca Vialli
40.2%
Edin Džeko
39.8%
Patrick Kluivert
39.1%
Tore André Flo
38.9%
Nwankwo Kanu
37.5%
David Johnson
36.2%
Marc Overmars
36.2%
% Correct
Juan Sebastián Verón
35.8%
Samuel Eto'o
35.7%
Diego Forlán
34.7%
Steve McManaman
34.3%
Luis García
34.1%
Mick Jones
32.8%
Henrik Larsson
32.5%
Michael Essien
32.3%
Adrian Mutu
29%
Jari Litmanen
28.8%
Graeme Souness
28.8%
Theo Walcott
27.9%
Fabrizio Ravanelli
27.9%
Juan Mata
27.6%
Deco
26.9%
Fernando Hierro
26.9%
Javier Hernández
26.8%
Yakubu Ayegbeni
26.4%
Antonio Valencia
26.1%
Samir Nasri
25.8%
Ruud Gullit
25.3%
Rafael van der Vaart
24.2%
Ray Kennedy
23.4%
Roger Davies
23.1%
George Weah
23.1%
Davor Šuker
22.9%
Frederic Kanouté
22.5%
John Carew
21.8%
Roque Santa Cruz
21.2%
Roger Hunt
21%
Terry McDermott
20.8%
Yossi Benayoun
20.8%
Obafemi Martins
20.8%
Serhiy Rebrov
20.1%
Nicklas Bendtner
20.1%
Lee Bowyer
19.9%
Mario Balotelli
19.9%
Álvaro Negredo
19.5%
Phil Neal
18.8%
Benny McCarthy
18.6%
Karl-Heinz Riedle
18.3%
Oscar
17.9%
Robinho
17.7%
Billy Bremner
16.2%
Allan Clarke
15.9%
John Robertson
15.7%
Roberto Soldado
15.6%
Mário Jardel
15.5%
Tomáš Rosický
14.9%
Tommy Taylor
14.9%
Peter Withe
14.8%
Jimmy Case
14.2%
Peter Lorimer
13.7%
Claudio Pizarro
13.5%
Garry Birtles
13.3%
Mo Johnston
12.9%
John Wark
12.5%
Lukas Podolski
12.2%
Ryan Babel
12%
Hakan Şükür
11.6%
Jon Dahl Tomasson
11.4%
% Correct
Marouane Chamakh
11.1%
Branislav Ivanović
10.9%
Willian
10.8%
Alen Bokšić
10.7%
Billy Whelan
10.7%
Ronnie Whelan
10.5%
Ally McCoist
10.3%
Arthur Thomas
10.3%
Gary Shaw
10.1%
Roman Pavlyuchenko
10.1%
Gaizka Mendieta
10%
Eduardo
9.2%
Dennis Viollet
8.9%
Mark Hateley
8.9%
Charlie George
8.3%
Alex
7.6%
Gerard Piqué
7.6%
Kenny Miller
7.4%
Tuncay Şanlı
7.4%
Ivan Klasnić
7.4%
Jimmy Johnstone
7.2%
Walter Pandiani
5.9%
Tony Morley
5.9%
Allan Simonsen
5.7%
Diego Tristán
5.4%
David Herd
4.6%
Nigel de Jong
4.6%
Stelios Giannakopoulos
4.4%
Tommy Gemmell
4.2%
Steve Marlet
4.1%
Lou Macari
3.9%
Willie Wallace
3.9%
Jiří Jarošík
3.9%
Jan Vennegoor of Hesselink
3.9%
Peter Løvenkrands
3.9%
John Connelly
3.7%
Laurie Cunningham
3.5%
Luc Nilis
3.5%
Christian Panucci
3%
Tomasz Radzinski
2.8%
Ray Crawford
2.6%
Nuno Gomes
2.4%
Alan Gilzean
2.4%
Robert Prosinečki
2%
Darko Kovačević
1.8%
Harry Hood
1.7%
Wynton Rufer
1.7%
Daniel Van Buyten
1.5%
Ralph Brand
1.3%
Sergei Yuran
1.3%
Ian Durrant
1.3%
Alex Scott
0.9%
Sigurd Rushfeldt
0.7%
Angelos Basinas
0.6%
Nery Castillo
0.6%
Raimondo Ponte
0.4%
Jim Forrest
0.4%
Vladimir Petrović
0.2%
Vladimír Labant
0.2%

You're not logged in!

Compare scores with friends on all Sporcle quizzes.
Sign Up with Email
OR
Log In

You Might Also Like...

Show Comments

Extras

Top Quizzes Today


Score Distribution

Your Account Isn't Verified!

In order to create a playlist on Sporcle, you need to verify the email address you used during registration. Go to your Sporcle Settings to finish the process.